000 00325nam a22001457a 4500
008 221010b ||||| |||| 00| 0 eng d
020 _a9780766801219
041 _aeng
080 _a61
082 _a61 LITT
100 _a5
101 _aMJEK
245 _aMATERNAL NEONATAL WOMEN NURSING
_cLITTLETON L
942 _2udc
_cBK
999 _c58435
_d58435